000 00452nam a2200181Ia 4500
001 8409
005 20260306160607.0
008 260306t2007||||xx |||||||||||||| ||spa||
041 _aESP
082 _a370.78
_bC48
100 _aCerda Gutiérrez, Hugo
_eAUT
245 0 _aLa investigación formativa en el aula:
_bla pedagogía como investigación
260 _c2007
300 _a
_c
650 _aGEN
654 _aCED
942 _cLIB
_dJUS
_fJUS
_2ddc
_n
999 _c8409
_d8409